Cultural heritage for all - on digitisation in the archive, library and museum sector

Bibliographic Details
Other Authors: Lag Gausdal, Ranveig (Editor)
Format: Book
Language:English
PhysicalDescription:69 s. fotogr., ilustr. 21 cm
Published: [Oslo] [ABM Utvikling] [2006]
ISBN:8281050403
Subjects:

MARC

LEADER 00000nam a2200000 a 4500
001 vtls010033880
003 SK-MaSNL
005 20260301212623.0
008 180730s2006 no o f 000 0 eng
020 |a 8281050403  |q (brož.) 
040 |a SNK  |b slo  |c SNK  |e AACR2 
041 0 |a eng 
044 |a no  |c No 
072 7 |a 930.85  |x Dejiny civilizácie. Kultúrne dejiny  |2 konspekt 
072 7 |a 004  |x Počítačová veda. Výpočtová technika. Informačné technológie  |2 konspekt 
080 |a 930.85  |2 2001 
080 |a 004  |2 2001 
080 |a 316.7:061  |2 2001 
080 |a (041)  |2 2001 
245 0 0 |a Cultural heritage for all - on digitisation in the archive, library and museum sector  |c editor Ranveig Lag Gausdal 
260 |a [Oslo]  |b [ABM Utvikling]  |c [2006] 
300 |a 69 s.  |b fotogr., ilustr.  |c 21 cm 
650 0 7 |a kultúrne dedičstvo  |2 SNKPH  |9 4195 
650 0 7 |a digitalizácia  |2 SNKPH  |9 19296 
650 0 7 |a kultúrne inštitúcie a organizácie  |2 SNKPH  |9 112538 
650 0 7 |a Cultural heritage  |2 SNKPHeng  |9 265420 
650 0 7 |a Digitization  |2 SNKPHeng  |9 311353 
650 0 7 |a Cultural institutions  |2 SNKPHeng  |9 266533 
655 7 |a štúdie  |2 SNKPH  |9 57033 
655 7 |a Studies  |2 SNKPHeng  |9 265573 
700 1 |a Lag Gausdal, Ranveig  |4 edt  |9 598430 
919 |a 82-8105-040-3 
999 |c 918685  |d 920615 
952 |a SNK  |b SNK  |y VYP  |7 0  |p 17A0631190  |o snkIC 138208  |i snk2008/23329  |8 1  |0 0  |1 0  |4 0  |d 2009-12-21  |l 0  |r 2026-02-24 08:07:55  |w 2026-02-24